<?xml version="1.0" encoding="UTF-8"?><?xml-stylesheet type="text/xsl" href="static/style.xsl"?><OAI-PMH xmlns="http://www.openarchives.org/OAI/2.0/" xmlns:xsi="http://www.w3.org/2001/XMLSchema-instance" xsi:schemaLocation="http://www.openarchives.org/OAI/2.0/ http://www.openarchives.org/OAI/2.0/OAI-PMH.xsd"><responseDate>2026-04-28T19:33:04Z</responseDate><request verb="GetRecord" identifier="oai:uvadoc.uva.es:10324/52424" metadataPrefix="marc">https://uvadoc.uva.es/oai/request</request><GetRecord><record><header><identifier>oai:uvadoc.uva.es:10324/52424</identifier><datestamp>2022-03-15T23:00:26Z</datestamp><setSpec>com_10324_30605</setSpec><setSpec>com_10324_894</setSpec><setSpec>col_10324_41</setSpec></header><metadata><record xmlns="http://www.loc.gov/MARC21/slim" xmlns:doc="http://www.lyncode.com/xoai" xmlns:xsi="http://www.w3.org/2001/XMLSchema-instance" xmlns:dcterms="http://purl.org/dc/terms/" xsi:schemaLocation="http://www.loc.gov/MARC21/slim http://www.loc.gov/standards/marcxml/schema/MARC21slim.xsd">
<leader>00925njm 22002777a 4500</leader>
<datafield tag="042" ind1=" " ind2=" ">
<subfield code="a">dc</subfield>
</datafield>
<datafield tag="720" ind1=" " ind2=" ">
<subfield code="a">Tobar Ruiz, Javier</subfield>
<subfield code="e">author</subfield>
</datafield>
<datafield tag="260" ind1=" " ind2=" ">
<subfield code="c">2022</subfield>
</datafield>
<datafield tag="520" ind1=" " ind2=" ">
<subfield code="a">La insuficiencia cardiaca (IC) es la manifestación final de diversas cardiopatías con una prevalencia que está alcanzando registros de epidemia. Basándose en estudios que demuestran que un estricto control de la presión en la aurícula izquierda (PAI) se asocia a un mejor pronóstico, se han desarrollado dispositivos de cortocircuito interauricular que permiten una disminución permanente de la PAI. &#xd;
El objetivo de este trabajo es caracterizar la respuesta clínica, funcional y hemodinámica en reposo y en esfuerzo en pacientes con IC avanzada antes y después del implante de estos dispositivos. &#xd;
El implante de esta terapia es seguro y se asocia a buenos resultados clínicos y hemodinámicos con una disminución de los ingresos por IC. Nuestro análisis exploratorio no sugiere una reducción en la mortalidad predicha pero este punto será analizado en los estudios aleatorizados en marcha en la actualidad.</subfield>
</datafield>
<datafield tag="024" ind2=" " ind1="8">
<subfield code="a">https://uvadoc.uva.es/handle/10324/52424</subfield>
</datafield>
<datafield tag="024" ind2=" " ind1="8">
<subfield code="a">10.35376/10324/52424</subfield>
</datafield>
<datafield ind1=" " ind2=" " tag="653">
<subfield code="a">Insuficiencia cardíaca</subfield>
</datafield>
<datafield ind1=" " ind2=" " tag="653">
<subfield code="a">Shunt interauricular</subfield>
</datafield>
<datafield ind1=" " ind2=" " tag="653">
<subfield code="a">Tratamiento</subfield>
</datafield>
<datafield ind1=" " ind2=" " tag="653">
<subfield code="a">V-wave</subfield>
</datafield>
<datafield tag="245" ind1="0" ind2="0">
<subfield code="a">Cambios clínicos y hemodinámicos de los pacientes con insuficiencia cardíaca crónica tratados mediante descompresión percutánea de la aurícula izquierda con dispositivos específicos</subfield>
</datafield>
</record></metadata></record></GetRecord></OAI-PMH>